Poradca

Uložené v:
Podrobná bibliografia
Médium: Seriál
Jazyk:Slovak
Vydavateľské údaje: Žilina Vydavateľstvo Poradca 1999
Predmet:
Tagy: Pridať tag
Žiadne tagy, Buďte prvý, kto otaguje tento záznam!

MARC

LEADER 00000nas2a2200000 4500
001 s124099
005 20221220131254.8
022 |a 1335-1583 
041 0 |a slo 
044 |a SK 
245 1 0 |a Poradca 
264 1 |a Žilina  |b Vydavateľstvo Poradca  |c 1999 
300 |a 3 zv. 
773 0 |w eu_un_cat*s120014 
610 2 0 |a podnikanie 
610 2 0 |a legislatíva 
610 2 0 |a podnikatelia